000 00641cam a2200229 4500500
005 20260329002940.0
041 _afre
042 _adc
100 1 0 _aRusch, Pierre
_eauthor
245 0 0 _aLa guerre des sexes
260 _c2014.
500 _a19
690 _acontrat
690 _aDeleuze
690 _aMasochisme
690 _aParaphiliae
690 _aSacher-Masoch
690 _aSexualité
690 _aSvenja Flaßpöhler
786 0 _nPhilosophie magazine | 78 | 4 | 2014-04-01 | p. 54-55 | 1951-1787
856 4 1 _uhttps://shs.cairn.info/magazine-philosophie-magazine-2014-4-page-54?lang=fr&redirect-ssocas=7080
999 _c1819908
_d1819908